000 00811cam a2200301 4500500
005 20260329002952.0
041 _afre
042 _adc
100 1 0 _aRogé, Antoine
_eauthor
245 0 0 _aMatières à penser / mai 2014
260 _c2014.
500 _a51
690 _aChimie
690 _adiplome
690 _aFrançois Jullien
690 _aGenre
690 _aIncarcération
690 _aInfluence
690 _aJeremy Rifkin
690 _aMooc
690 _aNord-Pas-de-Calais
690 _aPrison
690 _aSlavoj Žižek
690 _aSoftpower
690 _aUniversité
786 0 _nPhilosophie magazine | 79 | 5 | 2014-05-01 | p. 14-14 | 1951-1787
856 4 1 _uhttps://shs.cairn.info/magazine-philosophie-magazine-2014-5-page-14?lang=fr&redirect-ssocas=7080
999 _c1820122
_d1820122